|
|
|
|
| LEADER |
00951nam a2200241 a 4500 |
| 001 |
671766 |
| 008 |
110425s1996 caua b 001 0 eng |
| 010 |
|
|
|a 95024708
|
| 020 |
|
|
|a 0818672005
|
| 040 |
|
|
|a DLC
|c DLC
|d DLC
|d BD-DhAAL
|
| 050 |
0 |
0 |
|a Q335
|b .B45 1996
|
| 082 |
0 |
0 |
|a 006.3/01/5
|2 20
|
| 100 |
1 |
|
|a Bender, Edward A.,
|d 1942-
|
| 245 |
1 |
0 |
|a Mathematical methods in artificial intelligence /
|c Edward A. Bender.
|
| 260 |
|
|
|a Los Alamitos, Calif. :
|b IEEE Computer Society Press,
|c c1996.
|
| 300 |
|
|
|a xx, 636 p. :
|b ill. ;
|c 26 cm.
|
| 504 |
|
|
|a Includes bibliographical references and indexes.
|
| 541 |
1 |
|
|e 00010470
|
| 650 |
|
0 |
|a Artificial intelligence
|x Mathematics.
|
| 650 |
|
0 |
|a Expert systems (Computer science)
|
| 852 |
1 |
|
|a Ayesha Abed Library
|c General Shelf.
|
| 999 |
|
|
|c 10768
|d 10768
|
| 952 |
|
|
|0 0
|1 0
|2 ddc
|4 0
|6 006_301500000000000_BEN
|7 0
|9 16199
|a BRACUL
|b BRACUL
|c GEN
|d 2011-04-25
|l 2
|o 006.3015 BEN
|p 3010010470
|r 2024-10-31
|s 2024-09-18
|t 1
|w 2011-04-25
|y BK
|